Falos : posvátný obraz mužství /

Hlavní autor: Monick, Eugene, 1929-2007
Další autoři: Kaňa, Štěpán, 1977-
Jazyk: Čeština
Vydáno: Praha : Alpha Book, 2020
Vydání: Vydání v Alpha Book první
Edice: Fénix (Alpha Book)
Témata:
Fyzický popis: 193 stran ; 20 cm
Knihy
Uloženo v:
LEADER 02576cam a2200745 i 4500
001 nkc20203256239
003 CZ PrNK
005 20220727132854.0
007 ta
008 201001s2020 xr f 000 0 cze d
015 |a cnb003256239 
020 |a 978-80-87529-43-0  |q (brožováno) :  |c Kč 298,00 
035 |a (OCoLC)1357138784 
040 |a OSA001  |b cze  |d BOA001  |d ABA001  |e rda 
041 1 |a cze  |h eng 
072 7 |a 159.96  |x Zvláštní duševní stavy a procesy. Hlubinná psychologie  |2 Konspekt  |9 17 
080 |a 316.346.2-055.1  |2 MRF 
080 |a 159.922.1-055.1  |2 MRF 
080 |a 612.61.057  |2 MRF 
080 |a 612.614  |2 MRF 
080 |a 611.64  |2 MRF 
080 |a 159.964.21  |2 MRF 
080 |a 159.964.26  |2 MRF 
080 |a 159.923.2  |2 MRF 
080 |a 165.242.1  |2 MRF 
080 |a (048.8)  |2 MRF 
100 1 |a Monick, Eugene,  |d 1929-2007  |7 xx0018515  |4 aut 
240 1 0 |a Phallos.  |l Česky 
245 1 0 |a Falos :  |b posvátný obraz mužství /  |c Eugene Monick ; přeložil Štěpán Kaňa 
250 |a Vydání v Alpha Book první 
264 1 |a Praha :  |b Alpha Book,  |c 2020 
300 |a 193 stran ;  |c 20 cm 
336 |a text  |b txt  |2 rdacontent 
337 |a bez média  |b n  |2 rdamedia 
338 |a svazek  |b nc  |2 rdacarrier 
490 1 |a Fénix ;  |v svazek 7 
500 |a Přeloženo z angličtiny 
504 |a Obsahuje bibliografii a bibliografické odkazy 
650 0 7 |a muži  |7 ph123060  |2 czenas 
650 0 7 |a maskulinita  |7 ph138798  |2 czenas 
650 0 7 |a mužská sexualita  |7 ph134915  |2 czenas 
650 0 7 |a penis  |7 ph124026  |2 czenas 
650 0 7 |a archetypy  |7 ph118505  |2 czenas 
650 0 7 |a analytická psychologie  |7 ph114038  |2 czenas 
650 0 7 |a individuace (psychologie)  |7 ph121069  |2 czenas 
650 0 7 |a identita  |7 ph121025  |2 czenas 
650 0 9 |a men  |2 eczenas 
650 0 9 |a masculinity  |2 eczenas 
650 0 9 |a male sexuality  |2 eczenas 
650 0 9 |a penis  |2 eczenas 
650 0 9 |a archetypes  |2 eczenas 
650 0 9 |a jungian psychology  |2 eczenas 
650 0 9 |a individuation (psychology)  |2 eczenas 
650 0 9 |a identity  |2 eczenas 
655 7 |a studie  |7 fd133597  |2 czenas 
655 9 |a studies  |2 eczenas 
700 1 |a Kaňa, Štěpán,  |d 1977-  |7 xx0070486  |4 trl 
830 0 |a Fénix (Alpha Book)  |0 s 
910 2 |a BOA001  |b 1-1457.773 
920 |a 006460280  |z OSA001 
990 |a BK 
995 |a 01 
991 |b 202101  |c NOV 
996 6 |b 2610850195  |c 1-1457.773  |l MZK  |r Sklad / do 1 hodiny  |n 0  |p p.v.  |w 001838732  |u 000010  |a 1  |e BOA001  |j MZK50  |s P 
996 7 |b 2610881816  |c 1-1457.773  |l MZK  |r Sklad / do 1 hodiny  |n 1  |p dar  |w 001838732  |u 000020  |a 1  |e BOA001  |j MZK50  |s A